|
|
|
|
| LEADER |
00000nab a2200000 a 4500 |
| 001 |
vtls000437060 |
| 003 |
SK-MaSNL |
| 005 |
20260302233543.0 |
| 008 |
120926c1991 xo 0 slo |
| 015 |
|
|
|a SNBRB19rr/mm-uuuuu
|
| 035 |
|
|
|a CL0437188
|
| 040 |
|
|
|a SNKBUCL
|b slo
|c SNKBUCL
|e AACR2
|
| 041 |
0 |
|
|a slo
|
| 044 |
|
|
|a xo
|c SK
|
| 080 |
|
|
|a 65.012.4
|2 1981
|
| 080 |
|
|
|a 331.021.5
|2 1981
|
| 100 |
1 |
|
|a Tuma, Miroslav,
|d 1931-
|4 aut
|9 88447
|
| 245 |
1 |
0 |
|a Japonské hypotézy
|b Riadenie nadnárodných podnikateľských subjektov z hľadiska personálneho managementu 2
|c Miroslav Tuma
|
| 500 |
|
|
|a (Pokračovanie.)
|
| 650 |
0 |
7 |
|a Management
|2 snkbucl
|9 265406
|
| 655 |
|
7 |
|a články z novín a časopisov
|2 snkbucl
|9 267496
|
| 773 |
0 |
|
|t Technické noviny
|g Roč. 39, č. 23 (1991), s. 10
|
| 850 |
|
|
|a Slovenská národná knižnica v Martine
|a MTA001
|
| 852 |
|
|
|a SNK
|b KIS3GCP
|
| 958 |
|
|
|a RK
|
| 992 |
|
|
|a RBX
|
| 999 |
|
|
|c 1546949
|d 1548879
|